00682cmc a2200193 a 4500003000500000005001700005008004100022010001000063011001000073035001000083040000900093100001700102245013000119260008700249300003400336650004000370700003600410700004200446CHAP20220817043848.0061023d2005 mx g bao 10 spa d a86413 a87385 a97928 cCHAP00aPazos, Luis.14aLas bases de la riqueza [Disco compacto]c/por Luis Pazos, Dir. Ignacio Rodríguez Bach, Prod. Ignacio Rodríguez Carreño aMéxico, D. F. :bCentro de Investigaciones sobre la Libre Empresa, A. C.,c2005. a1 disco compactoc4 3/4 plgs.14aMéxicoxCondiciones económicas.1 aRodríguez Bach, Ignacioedir.1 aRodríguez Carreño, Ignacioeprod.